| 000 | 00492nam a22001697a 4500 | ||
|---|---|---|---|
| 008 | 230615b |||||||| |||| 00| 0 eng d | ||
| 040 |
_aNational Science Library _cNational Science Library |
||
| 080 |
_a621.39:651 _bN5 |
||
| 100 |
_aRowe, Stanford H II _911789 |
||
| 245 | _aTelecommunication for managers | ||
| 250 | _a3rd ed. | ||
| 260 |
_aEnglewood Cliffs: _bPrentice Hall, _c1995 |
||
| 300 | _axxii, 698p. | ||
| 650 | _aTelecommunication | ||
| 653 | _aScience | ||
| 942 |
_2udc _cBK |
||
| 999 |
_c43907 _d43907 |
||